[Event "Sao Paulo Carnaval op"]
[Site "Sao Paulo"]
[Date "2019.03.02"]
[Round "2"]
[White "Pereira, Thales Oliveira"]
[Black "Guedes, Andre Vieira"]
[Result "1-0"]
[WhiteElo "1731"]
[BlackElo "1246"]
[PlyCount "93"]
[EventDate "2019.03.02"]
[EventType "swiss"]
[EventRounds "7"]
[EventCountry "BRA"]
[SourceTitle "EXT 2020"]
[Source "ChessBase"]
[SourceDate "2019.10.17"]
[SourceVersion "1"]
[SourceVersionDate "2019.10.17"]
[SourceQuality "1"]

1. e4 c5 2. Nf3 d6 3. Bb5+ Bd7 4. Bxd7+ Qxd7 5. 0-0 a6 6. b3 Nc6 7. d4 cxd4 8. Nxd4 Nf6 9. Re1 b5 10. Bb2 e6 11. a4 b4 12. Nd2 Be7 13. Nc4 Nxd4 14. Bxd4 0-0 15. Nb6 Qc6 16. Nxa8 Rxa8 17. Qd3 Rc8 18. Rac1 d5 19. f3 Bc5 20. Qe3 Qb6 21. Bxc5 Qxc5 22. Qxc5 Rxc5 23. e5 Nd7 24. f4 Nf8 25. Re3 Ng6 26. g3 Ne7 27. c4 Nf5 28. Rd3 g6 29. Kf2 Kg7 30. g4 Nh4 31. Rdd1 h5 32. cxd5 exd5 33. Rxc5 hxg4 34. Rdxd5 Nf3 35. Rd3 Nxh2 36. Kg2 Nf3 37. Rxf3 gxf3+ 38. Kxf3 f6 39. Rc7+ Kf8 40. exf6 Ke8 41. Ke4 a5 42. Kd5 Kd8 43. f7 Kxc7 44. f8Q Kb7 45. Qe7+ Ka8 46. Kc6 g5 47. Qb7# 1-0

[Event "Florianopolis op 5th"]
[Site "Florianopolis"]
[Date "2019.01.27"]
[Round "10"]
[White "Souza, Neurismar da Rocha"]
[Black "Pereira, Thales Oliveira"]
[Result "1/2-1/2"]
[WhiteElo "1612"]
[BlackElo "1836"]
[PlyCount "23"]
[EventDate "2019.01.21"]
[EventType "swiss"]
[EventRounds "10"]
[EventCountry "BRA"]
[SourceTitle "EXT 2020"]
[Source "ChessBase"]
[SourceDate "2019.10.17"]
[SourceVersion "1"]
[SourceVersionDate "2019.10.17"]
[SourceQuality "1"]

1. e4 e6 2. d4 d5 3. e5 c5 4. c3 Nc6 5. Nf3 Nh6 6. Bxh6 gxh6 7. Bd3 Bg7 8. Qe2 f6 9. exf6 Qxf6 10. dxc5 Qe7 11. Qe3 0-0 12. Nbd2 1/2-1/2

[Event "Florianopolis op 5th"]
[Site "Florianopolis"]
[Date "2019.01.22"]
[Round "2"]
[White "Schiavo, Marcelo"]
[Black "Pereira, Thales Oliveira"]
[Result "1-0"]
[WhiteElo "2070"]
[BlackElo "1836"]
[PlyCount "91"]
[EventDate "2019.01.21"]
[EventType "swiss"]
[EventRounds "10"]
[EventCountry "BRA"]
[SourceTitle "CBM 188 Extra"]
[Source "ChessBase"]
[SourceDate "2019.02.26"]
[SourceVersion "1"]
[SourceVersionDate "2019.02.26"]
[SourceQuality "1"]

1. d4 f5 2. Bg5 h6 3. Bh4 g5 4. e3 Nf6 5. Bg3 Bg7 6. Bd3 e6 7. Nd2 d6 8. h4 Qe7 9. hxg5 hxg5 10. Rxh8+ Bxh8 11. Nh3 Ng4 12. Qe2 Nc6 13. f3 Nh6 14. c3 Bd7 15. e4 e5 16. d5 Nd8 17. Bf2 g4 18. Ng1 f4 19. g3 Ndf7 20. Bb5 a6 21. Bxd7+ Qxd7 22. gxf4 exf4 23. fxg4 Qxg4 24. Qxg4 Nxg4 25. Bh4 Ne3 26. Ke2 Kd7 27. Bf2 Ng4 28. Nh3 Be5 29. Rg1 Nfh6 30. Bd4 Rf8 31. Nf3 c5 32. Bf2 b6 33. Be1 Nf6 34. Rg6 Nhg8 35. Nhg5 Ne7 36. Rh6 Ng4 37. Rh7 Nf6 38. Rh6 Ng4 39. Rh4 Nf6 40. Bd2 Ng6 41. Rh6 Rg8 42. b3 Ne7 43. Nxe5+ dxe5 44. Rxf6 Rxg5 45. Rxb6 Rg2+ 46. Ke1 1-0

[Event "Brasilia Terraviva op"]
[Site "Brasilia"]
[Date "2018.01.14"]
[Round "6"]
[White "Heinrichs, Vivian"]
[Black "Pereira, Thales Oliveira"]
[Result "0-1"]
[WhiteElo "1991"]
[BlackElo "1897"]
[PlyCount "44"]
[EventDate "2018.01.11"]
[EventType "swiss"]
[EventRounds "7"]
[EventCountry "BRA"]
[SourceTitle "CBM 182 Extra"]
[Source "ChessBase"]
[SourceDate "2018.02.23"]
[SourceVersion "1"]
[SourceVersionDate "2018.02.23"]
[SourceQuality "1"]

1. e4 e6 2. d4 d5 3. e5 c5 4. c3 Nc6 5. Nf3 Bd7 6. a3 f6 7. Be2 Qc7 8. exf6 Nxf6 9. b4 c4 10. a4 Bd6 11. Na3 a6 12. Nc2 0-0 13. h3 Ne4 14. Bb2 Ne7 15. 0-0 Ng6 16. Nd2 Bh2+ 17. Kh1 Nxf2+ 18. Rxf2 Rxf2 19. Bf3 Nf4 20. Ne1 Nxh3 21. gxh3 Bg1 22. Kxg1 Qh2# 0-1

[Event "Brasilia Terraviva op"]
[Site "Brasilia"]
[Date "2018.01.13"]
[Round "4"]
[White "Feliciano Ebert, Vanessa"]
[Black "Pereira, Thales Oliveira"]
[Result "1-0"]
[WhiteElo "2188"]
[BlackElo "1897"]
[PlyCount "144"]
[EventDate "2018.01.11"]
[EventType "swiss"]
[EventRounds "7"]
[EventCountry "BRA"]
[SourceTitle "CBM 182 Extra"]
[Source "ChessBase"]
[SourceDate "2018.02.23"]
[SourceVersion "1"]
[SourceVersionDate "2018.02.23"]
[SourceQuality "1"]

1. e4 e6 2. d3 d5 3. Nd2 Nf6 4. Ngf3 Nc6 5. g3 dxe4 6. dxe4 e5 7. Bg2 Bc5 8. 0-0 0-0 9. h3 a5 10. Nh4 b6 11. c3 a4 12. Qf3 Ba6 13. Re1 Qd3 14. Nf5 Qxf3 15. Nxf3 Bd3 16. Nh2 g6 17. Bg5 Nh5 18. Ne3 f6 19. Bh6 Rf7 20. Rad1 Ba6 21. Bf3 Ng7 22. Nd5 Nd8 23. Ng4 Ne8 24. Bc1 Kg7 25. Nh6 Rf8 26. Nxc7 Nxc7 27. Rd7+ Nf7 28. Rxc7 Bd6 29. Rxf7+ Rxf7 30. Nxf7 Kxf7 31. Rd1 Ke7 32. Be3 Rb8 33. Rd2 Bc4 34. Bd1 Bxa2 35. Bxa4 Be6 36. Bd1 b5 37. Be2 Bb3 38. Bd1 Be6 39. Kg2 b4 40. Bg4 Bb3 41. Bd1 Be6 42. Be2 Rc8 43. Rc2 b3 44. Rc1 Ra8 45. Rd1 Ra2 46. Rb1 Ba3 47. Bc1 Bc5 48. Bd3 Kd6 49. h4 Ra4 50. Bh6 f5 51. Bb5 Ra8 52. Rd1+ Kc7 53. f3 Rb8 54. Be2 Ra8 55. Bc1 Ra5 56. Bd3 Ra1 57. Rh1 Ra2 58. Bb1 Ra1 59. Bd3 h5 60. Bf4 Ra2 61. Bxe5+ Bd6 62. Bxd6+ Kxd6 63. Rb1 Kc5 64. Kf2 Ra7 65. Rd1 Ra2 66. Rd2 Ra4 67. Ke3 fxe4 68. fxe4 Ra7 69. e5 Rb7 70. Be2 g5 71. Rd6 Bh3 72. Bf3 gxh4 1-0

[Event "Brasilia Terraviva op"]
[Site "Brasilia"]
[Date "2018.01.13"]
[Round "5"]
[White "Pereira, Thales Oliveira"]
[Black "Rabelo, Jose Carlos Vargas"]
[Result "1-0"]
[WhiteElo "1897"]
[BlackElo "1711"]
[PlyCount "83"]
[EventDate "2018.01.11"]
[EventType "swiss"]
[EventRounds "7"]
[EventCountry "BRA"]
[SourceTitle "CBM 182 Extra"]
[Source "ChessBase"]
[SourceDate "2018.02.23"]
[SourceVersion "1"]
[SourceVersionDate "2018.02.23"]
[SourceQuality "1"]

1. e4 c5 2. c3 d6 3. d4 cxd4 4. cxd4 Nf6 5. Nc3 a6 6. a4 g6 7. h3 Bg7 8. Nf3 b6 9. Bd3 Bb7 10. 0-0 0-0 11. Qe2 Nc6 12. Rd1 Qc7 13. e5 dxe5 14. dxe5 Nd7 15. Nd5 Qd8 16. e6 Nde5 17. Be4 Kh8 18. Be3 fxe6 19. Nxb6 Qe8 20. Nxa8 Qxa8 21. Ng5 Nd8 22. Bxb7 Qxb7 23. f4 Nec6 24. Rab1 h6 25. Nf3 Nb4 26. Ne5 Kh7 27. Rbc1 Nd5 28. Qd3 Bxe5 29. fxe5 Nc6 30. Bd4 Ncb4 31. Qd2 Nf4 32. Rf1 Nbd5 33. Kh2 g5 34. g3 Ng6 35. Rxf8 Nxf8 36. Qf2 Qb8 37. Qf7+ Kh8 38. Rf1 Nh7 39. Qxe6 Qd8 40. Rc1 Nc7 41. Qb6 Qd5 42. Rxc7 1-0

[Event "Brasilia Terraviva op"]
[Site "Brasilia"]
[Date "2018.01.11"]
[Round "1"]
[White "Pereira, Thales Oliveira"]
[Black "Terra, Enzo Schneider"]
[Result "1-0"]
[WhiteElo "1897"]
[BlackElo "1237"]
[PlyCount "43"]
[EventDate "2018.01.11"]
[EventType "swiss"]
[EventRounds "7"]
[EventCountry "BRA"]
[SourceTitle "CBM 182 Extra"]
[Source "ChessBase"]
[SourceDate "2018.02.23"]
[SourceVersion "1"]
[SourceVersionDate "2018.02.23"]
[SourceQuality "1"]

1. e4 d5 2. exd5 Qxd5 3. Nc3 Qa5 4. d4 c6 5. Nf3 Bf5 6. Ne5 Nf6 7. g4 Be4 8. Nc4 Qd8 9. Nxe4 Nxe4 10. Qe2 Nf6 11. Rg1 h5 12. g5 Ng4 13. h3 Nh2 14. Bg2 e6 15. Bf4 Ng4 16. hxg4 hxg4 17. g6 f5 18. 0-0-0 Nd7 19. Qe3 b5 20. Nd6+ Bxd6 21. Bxd6 Rc8 22. Qxe6+ 1-0

[Event "Caldas Novas op 1st"]
[Site "Caldas Novas"]
[Date "2017.03.12"]
[Round "6"]
[White "Pereira, Thales Oliveira"]
[Black "Da Silva Filho, Jair Humberto"]
[Result "0-1"]
[WhiteElo "1766"]
[BlackElo "2000"]
[PlyCount "50"]
[EventDate "2017.03.10"]
[EventType "swiss"]
[EventRounds "6"]
[EventCountry "BRA"]
[SourceTitle "CBM 177 Extra"]
[Source "ChessBase"]
[SourceDate "2017.04.27"]
[SourceVersion "1"]
[SourceVersionDate "2017.04.27"]
[SourceQuality "1"]

1. e4 c5 2. c3 Nf6 3. e5 Nd5 4. d4 Nc6 5. c4 Nc7 6. dxc5 e6 7. Be3 Na6 8. a3 Nxe5 9. f4 Ng6 10. b4 d6 11. cxd6 Bxd6 12. g3 0-0 13. c5 Qf6 14. Ra2 Bc7 15. b5 Ba5+ 16. Kf2 Nc7 17. Qa4 b6 18. Bg2 Rb8 19. Nd2 e5 20. Ne2 Be6 21. Ne4 Qe7 22. Rc2 Nd5 23. Rf1 Nxe3 24. Kxe3 exf4+ 25. Nxf4 f5 0-1

[Event "Caldas Novas op 1st"]
[Site "Caldas Novas"]
[Date "2017.03.10"]
[Round "1"]
[White "De Moura, Valderi Nascimento"]
[Black "Pereira, Thales Oliveira"]
[Result "0-1"]
[WhiteElo "1735"]
[BlackElo "1766"]
[PlyCount "86"]
[EventDate "2017.03.10"]
[EventType "swiss"]
[EventRounds "6"]
[EventCountry "BRA"]
[SourceTitle "CBM 177 Extra"]
[Source "ChessBase"]
[SourceDate "2017.04.27"]
[SourceVersion "1"]
[SourceVersionDate "2017.04.27"]
[SourceQuality "1"]

1. e4 e6 2. Nf3 d5 3. exd5 exd5 4. d4 Nc6 5. Bb5 Bd6 6. Ne5 Nge7 7. 0-0 0-0 8. f4 f6 9. Nf3 a6 10. Bd3 Nb4 11. a3 Nxd3 12. Qxd3 Bf5 13. Qb3 Rb8 14. Nc3 c6 15. Be3 Kh8 16. Ne2 Be4 17. c4 dxc4 18. Qxc4 Nd5 19. Bd2 Qc7 20. Qc1 Bd3 21. Rf2 Rfe8 22. Nc3 Nxf4 23. Qd1 Nd5 24. Nxd5 cxd5 25. Ba5 Qxa5 26. Qxd3 Rbc8 27. Rc2 Rxc2 28. Qxc2 Qc7 29. Qf5 Qf7 30. Rc1 g6 31. Qh3 Kg7 32. Rf1 Qe6 33. Qh4 Qe3+ 34. Kh1 Qf4 35. Qf2 g5 36. g4 Re3 37. Qg2 Qe4 38. Rf2 Qd3 39. Kg1 Bf4 40. Qf1 Qe4 41. Qd1 Rd3 42. Qe2 Be3 43. Ne1 Rd2 0-1